000 00455nam a22001697a 4500
005 20251108165410.0
008 250721s1999 xx 000 0 ara d
082 1 4 _a818.02/ناص
100 1 _aناصيف، إميل
245 1 0 _aأروع ما قيل في الأم /
264 1 _aبيروت :
_bدار الجيل،
_c1999.
300 _a160ص
650 1 7 _aالأدب العربي
650 1 7 _aالأمهات
942 _2ddc
_cBK
999 _c26969
_d26969